000 00568nam a22002057a 4500
005 20141013115850.0
010 _aENG-110944
020 _a9789383420179
_c300.00
035 _aEN-94476
037 _bDBAD/PUB
082 _a519.5
100 _aDas, J.K.
245 _aStatistics for business decisions /
_cby J.K. Das
250 _a3rd ed
260 _aKolkata
_bAcademic Publishers
_c2014
270 _a5A, Bhawani Dutta Lane
_bKolkata
_e700073
300 _aviii,372p.
_c24cm(pbk)
500 _aIncludes index
942 _2ddc
_cEN
_mDAS
_h519.5
999 _c88969
_d88969